OECD360 Slovenská republika 2015 Ako sa darí Slovensku?
Gespeichert in:
| Format: | Buch |
|---|---|
| Sprache: | Slowakisch |
| Veröffentlicht: |
Paris
OECD
2015
|
| Schlagworte: | |
| Tags: |
Keine Tags, Fügen Sie das erste Tag hinzu!
|
MARC
| LEADER | 00000nam a2200000 4500 | ||
|---|---|---|---|
| 001 | 0213100 | ||
| 005 | 20240826085017.5 | ||
| 041 | 0 | |a slo | |
| 044 | |a FR | ||
| 245 | 1 | 0 | |a OECD360 Slovenská republika 2015 |b Ako sa darí Slovensku? |
| 264 | 1 | |a Paris |b OECD |c 2015 | |
| 300 | |a 48 s. | ||
| 610 | 2 | 0 | |a situácia hospodárska |
| 610 | 2 | 0 | |a rast hospodársky |
| 610 | 2 | 0 | |a trh práce |
| 610 | 2 | 0 | |a zamestnanosť |
| 610 | 2 | 0 | |a kríza finančná |
| 610 | 2 | 0 | |a situácia sociálna |
| 610 | 2 | 0 | |a blahobyt |
| 610 | 2 | 0 | |a rozvoj regionálny |
| 610 | 2 | 0 | |a vzdelávanie |
| 610 | 2 | 0 | |a rozvoj trvalo udržateľný |
| 610 | 2 | 0 | |a ochrana prostredia životného |
| 610 | 2 | 0 | |a poľnohospodárstvo |
| 610 | 2 | 0 | |a Slovensko |